V.I.P. Spišská Nová Ves úspech strojárstva na Spiši nesie meno Jochman

Bibliographic Details
Format: Article
Language:Slovak
PhysicalDescription:Fotogr.
Subjects:

MARC

LEADER 00000nab a2200000 ar4500
001 vtls009007862
003 SK-MaSNL
005 20260303065500.0
008 070717c2006 xo mr|p|||||||000 b|slo
038 |a SNSK 
040 |b slo  |c SNSK  |e AACR2 
041 |a slo 
044 |a xo  |c SK 
080 |a 621  |2 1997 
080 |a 66.067.4  |2 2001 
245 0 0 |a V.I.P. Spišská Nová Ves  |b úspech strojárstva na Spiši nesie meno Jochman 
300 |b Fotogr. 
610 2 7 |a Andritz-Jochman (Spišská Nová Ves, Slovensko)  |2 snsk  |9 1065595 
650 0 7 |a strojársky priemysel  |2 snsk  |9 66942 
650 0 7 |a Filtračné lisy  |2 snsk  |9 1065596 
651 7 |a Spišská Nová Ves (Slovensko)  |2 snsk  |9 28800 
773 0 |t Novovešťan  |g Roč. II., č. 7 (2006), s. 8-9 
852 |a SNSK  |b KIS3GCP 
999 |c 1751346  |d 1753276